|
|
|
|
| LEADER |
00000nam0a2200000 4500 |
| 001 |
162654 |
| 005 |
20231101222333.0 |
| 010 |
|
|
|a 5280004421
|
| 020 |
|
|
|a RU
|b 88-74492
|
| 035 |
|
|
|a (RuTPU)RU\TPU\book\176430
|
| 090 |
|
|
|a 162654
|
| 100 |
|
|
|a 20090625d1988 m y0rusy5003 ca
|
| 101 |
1 |
|
|a rus
|c ben
|
| 102 |
|
|
|a RU
|
| 105 |
|
|
|a a z 000ay
|
| 200 |
1 |
|
|a Сад песен
|e Гитобитан
|e пер. с бенг.
|f Р. Тагор (Тхакур)
|g сост., подстроч. пер., примеч. Б. Карпушкин ; худож. Г. Поплавский
|
| 210 |
|
|
|a Москва
|c Художественная литература
|d 1988
|
| 215 |
|
|
|a 414,[1] с.
|c ил.
|d 21 см
|
| 610 |
1 |
|
|a индийская литература
|
| 610 |
1 |
|
|a поэзия
|
| 675 |
|
|
|a 891.4
|z rus
|
| 700 |
|
1 |
|a Тагор (Тхакур)
|b Р.
|c индийский писатель
|c общественный деятель
|f 1861-1941
|g Рабиндранат
|2 stltpush
|3 (RuTPU)RU\TPU\pers\438
|9 214
|
| 702 |
|
1 |
|a Карпушкин
|b Б.
|4 220
|
| 702 |
|
1 |
|a Поплавский
|b Г.
|4 440
|
| 801 |
|
0 |
|a RU
|b RuMRKP
|c 19950417
|g psbo
|
| 801 |
|
1 |
|a RU
|b 63413507
|c 20090625
|g PSBO
|
| 801 |
|
2 |
|a RU
|b 63413507
|c 20100517
|g PSBO
|
| 942 |
|
|
|c BK
|